| 000 | 00433nam a2200169Ia 4500 | ||
|---|---|---|---|
| 008 | 180921t2020 xxu||||| |||| 00| 1 sin d | ||
| 041 | _asin | ||
| 080 |
_aX8C31 _bDHA |
||
| 100 | _aDharmasuriya, Ajith P. | ||
| 245 | _aධවල ගොසරෑවිය | ||
| 246 | _aDhavala Gosareeviya | ||
| 260 |
_bSarasavi _aNugegoda _c2020 |
||
| 300 | _a414p., 21cm | ||
| 942 | _cBK | ||
| 999 |
_c7471 _d7471 |
||
| 003 | LK-CoDNM | ||
| 040 |
_aLK-CoDNM _dLK-CoDNM _eLK-CoDNM |
||